| 000 | 00642nam a2200205Ii 4500 | ||
|---|---|---|---|
| 003 | JO-AjNU | ||
| 008 | 230605s9999||||xx |||||||||||||| ||und|| | ||
| 017 | _a1992/6/298 | ||
| 040 |
_aJO-AjNU _bara _erda _cJO-AjNU |
||
| 041 | _aara | ||
| 050 | 1 | 4 | _aDS154.5.T2624 1992 |
| 100 | 3 |
_aتاليف التل، بلال حسن, _eauthor _97712 |
|
| 245 | 0 | 0 | _aالأردنيون وفلسطين |
| 264 | 3 | 1 | _aعمان: دار البيرق، 1992 |
| 300 | _a134ص | ||
| 336 |
_atext _btxt _2rdacontent |
||
| 337 |
_aunmediated _bn _2rdamedia |
||
| 338 |
_avolume _bnc _2rdacarrier |
||
| 650 | 4 |
_aالاردن- تاريخ، فلسطين- تاريخ _97713 |
|
| 999 |
_aA419 _c3987 _d3987 |
||